000
00283nam a22001337a 4500
008
181219b xxu||||| |||| 00| 0 eng d
020
_a
0836466761
041
_a
eng
080
_a
370
100
_a
47
101
_a
EDU
245
_a
Teaching Culture
_c
Moran.p.r
942
_2
udc
_c
BK
999
_c
53527
_d
53527